[Event "DEM U10 2024"]
[Site "Willingen GER"]
[Date "2024.05.19"]
[Round "1"]
[White "Schonlau, Leopold"]
[Black "Pradeep, Harshill"]
[Result "0-1"]
[Termination "normal"]
[Board "5"]
[WhiteElo "1359"]
[BlackElo "1853"]
[WhiteClock "00:47:08"]
[BlackClock "01:16:18"]
[PlyCount "42"]
[WhiteFideId "34662545"]
[BlackFideId "34629513"]
[EventCountry "GER"]
[EventRounds "11"]
[EventType "swiss"]
[EventDate "2024.05.18"]

1. e4 {[%clk 01:15:57]} {[%emt 00:00:02]} e5 {[%clk 01:15:52]} {[%emt
00:00:08]} 2. Nf3 {[%clk 01:16:20]} {[%emt 00:00:07]} Nc6 {[%clk 01:16:17]}
{[%emt 00:00:07]} 3. Bc4 {[%clk 01:16:40]} {[%emt 00:00:08]} Nf6 {[%clk
01:16:42]} {[%emt 00:00:06]} 4. Ng5 {[%clk 01:16:55]} {[%emt 00:00:15]} d5
{[%clk 01:17:05]} {[%emt 00:00:07]} 5. exd5 {[%clk 01:17:12]} {[%emt 00:00:13]}
Na5 {[%clk 01:17:27]} {[%emt 00:00:08]} 6. Bb5+ {[%clk 01:17:31]} {[%emt
00:00:10]} c6 {[%clk 01:17:49]} {[%emt 00:00:09]} 7. dxc6 {[%clk 01:17:50]}
{[%emt 00:00:10]} bxc6 {[%clk 01:18:13]} {[%emt 00:00:07]} 8. Bd3 {[%clk
01:18:02]} {[%emt 00:00:17]} Ng4 {[%clk 01:18:21]} {[%emt 00:00:23]} 9. Ne4
{[%clk 01:12:40]} {[%emt 00:05:51]} f5 {[%clk 01:18:35]} {[%emt 00:00:17]} 10.
Nec3 {[%clk 01:08:21]} {[%emt 00:04:49]} Bc5 {[%clk 01:18:45]} {[%emt
00:00:20]} 11. O-O {[%clk 01:06:02]} {[%emt 00:02:47]} Qh4 {[%clk 01:19:04]}
{[%emt 00:00:12]} 12. h3 {[%clk 01:04:11]} {[%emt 00:02:21]} Nxf2 {[%clk
01:18:37]} {[%emt 00:00:57]} 13. Rxf2 {[%clk 01:02:58]} {[%emt 00:01:43]} Qxf2+
{[%clk 01:18:37]} {[%emt 00:00:30]} 14. Kh1 {[%clk 01:02:56]} {[%emt 00:00:31]}
O-O {[%clk 01:18:09]} {[%emt 00:01:00]} 15. Qf1 {[%clk 00:56:43]} {[%emt
00:06:42]} Qh4 {[%clk 01:17:53]} {[%emt 00:00:47]} 16. Be2 {[%clk 00:52:07]}
{[%emt 00:05:05]} Bb7 {[%clk 01:16:49]} {[%emt 00:01:35]} 17. d3 {[%clk
00:50:45]} {[%emt 00:01:51]} Bd4 {[%clk 01:16:58]} {[%emt 00:00:22]} 18. Bd2
{[%clk 00:48:00]} {[%emt 00:03:15]} c5 {[%clk 01:17:16]} {[%emt 00:00:12]} 19.
Kh2 {[%clk 00:48:10]} {[%emt 00:00:19]} Bf2 {[%clk 01:16:18]} {[%emt 00:01:28]}
20. Nd1 {[%clk 00:46:53]} {[%emt 00:01:47]} Qg3+ {[%emt 00:00:08]} 21. Kh1
{[%clk 00:47:08]} {[%emt 00:00:13]} Qxh3# {[%emt 00:00:07]} 0-1

[Event "DEM U10 2024"]
[Site "Willingen GER"]
[Date "2024.05.19"]
[Round "1"]
[White "Sutharjan, Dakxwin"]
[Black "König, Marius"]
[Result "1-0"]
[Termination "normal"]
[Board "6"]
[WhiteElo "1769"]
[BlackElo "1356"]
[WhiteClock "01:13:34"]
[BlackClock "00:49:48"]
[PlyCount "61"]
[WhiteFideId "34606548"]
[BlackFideId "533001812"]
[EventCountry "GER"]
[EventRounds "11"]
[EventType "swiss"]
[EventDate "2024.05.18"]

1. e4 {[%clk 01:15:50]} {[%emt 00:00:09]} e5 {[%clk 01:15:57]} {[%emt
00:00:04]} 2. Nf3 {[%clk 01:16:12]} {[%emt 00:00:07]} Nc6 {[%clk 01:16:19]}
{[%emt 00:00:08]} 3. d4 {[%clk 01:16:34]} {[%emt 00:00:09]} exd4 {[%clk
01:16:26]} {[%emt 00:00:23]} 4. Nxd4 {[%clk 01:16:47]} {[%emt 00:00:17]} Nf6
{[%clk 01:16:01]} {[%emt 00:00:55]} 5. Nxc6 {[%clk 01:17:06]} {[%emt 00:00:10]}
bxc6 {[%clk 01:16:02]} {[%emt 00:00:29]} 6. e5 {[%clk 01:17:17]} {[%emt
00:00:19]} Nd5 {[%clk 01:15:54]} {[%emt 00:00:39]} 7. c4 {[%clk 01:17:31]}
{[%emt 00:00:16]} Nb6 {[%clk 01:16:13]} {[%emt 00:00:10]} 8. Be3 {[%clk
01:17:52]} {[%emt 00:00:10]} Ba6 {[%clk 01:15:31]} {[%emt 00:01:12]} 9. Qc2
{[%clk 01:14:28]} {[%emt 00:03:54]} Bb4+ {[%clk 01:12:36]} {[%emt 00:03:23]}
10. Nd2 {[%clk 01:13:35]} {[%emt 00:01:24]} Bxd2+ {[%clk 01:11:50]} {[%emt
00:01:16]} 11. Bxd2 {[%clk 01:13:47]} {[%emt 00:00:18]} O-O {[%clk 01:09:45]}
{[%emt 00:02:35]} 12. Bd3 {[%clk 01:13:39]} {[%emt 00:00:38]} h6 {[%clk
01:09:37]} {[%emt 00:00:38]} 13. O-O {[%clk 01:13:31]} {[%emt 00:00:38]} Re8
{[%clk 01:07:43]} {[%emt 00:02:24]} 14. Rfe1 {[%clk 01:12:58]} {[%emt
00:01:03]} d5 {[%clk 01:05:46]} {[%emt 00:02:27]} 15. exd6 {[%clk 01:11:25]}
{[%emt 00:02:03]} Qxd6 {[%clk 01:05:31]} {[%emt 00:00:45]} 16. Bh7+ {[%clk
01:11:36]} {[%emt 00:00:19]} Kh8 {[%clk 01:04:50]} {[%emt 00:01:11]} 17. c5
{[%clk 01:11:27]} {[%emt 00:00:39]} Qd7 {[%clk 00:56:39]} {[%emt 00:08:41]} 18.
Bf5 {[%clk 01:11:38]} {[%emt 00:00:20]} Rxe1+ {[%clk 00:55:26]} {[%emt
00:01:42]} 19. Rxe1 {[%clk 01:11:56]} {[%emt 00:00:12]} Qd5 {[%clk 00:54:52]}
{[%emt 00:01:04]} 20. cxb6 {[%clk 01:11:57]} {[%emt 00:00:29]} g6 {[%clk
00:52:19]} {[%emt 00:03:04]} 21. Be4 {[%clk 01:11:45]} {[%emt 00:00:42]} Qd6
{[%clk 00:50:36]} {[%emt 00:01:15]} 22. bxc7 {[%clk 01:11:21]} {[%emt
00:01:52]} Qxc7 {[%clk 00:49:23]} {[%emt 00:01:42]} 23. Qxc6 {[%clk 01:11:35]}
{[%emt 00:00:16]} Qxc6 {[%clk 00:49:18]} {[%emt 00:00:36]} 24. Bxc6 {[%clk
01:12:01]} {[%emt 00:00:03]} Rb8 {[%clk 00:48:59]} {[%emt 00:00:49]} 25. Bc3+
{[%clk 01:12:20]} {[%emt 00:00:11]} Kh7 {[%clk 00:49:13]} {[%emt 00:00:16]} 26.
Re8 {[%clk 01:12:31]} {[%emt 00:00:19]} Rxe8 {[%clk 00:49:01]} {[%emt
00:00:42]} 27. Bxe8 {[%clk 01:12:52]} {[%emt 00:00:09]} Bc4 {[%clk 00:49:15]}
{[%emt 00:00:17]} 28. b3 {[%clk 01:12:57]} {[%emt 00:00:25]} Be6 {[%clk
00:49:37]} {[%emt 00:00:08]} 29. Bb5 {[%clk 01:13:08]} {[%emt 00:00:18]} Kg8
{[%clk 00:49:30]} {[%emt 00:00:37]} 30. Bd4 {[%clk 01:13:24]} {[%emt 00:00:15]}
a5 {[%clk 00:49:48]} {[%emt 00:00:12]} 31. Bc3 {[%clk 01:13:34]} {[%emt
00:00:19]} 1-0

[Event "DEM U10 2024"]
[Site "Willingen GER"]
[Date "2024.05.19"]
[Round "1"]
[White "Fabritius, Wolf"]
[Black "Chakhalov, Mikael"]
[Result "0-1"]
[Termination "normal"]
[Board "7"]
[WhiteElo "1426"]
[BlackElo "1747"]
[WhiteClock "01:06:05"]
[BlackClock "00:56:34"]
[PlyCount "36"]
[WhiteFideId "34632603"]
[BlackFideId "34644458"]
[EventCountry "GER"]
[EventRounds "11"]
[EventType "swiss"]
[EventDate "2024.05.18"]

1. d4 {[%clk 01:15:59]} d5 {[%clk 01:15:39]} {[%emt 00:00:21]} 2. Nf3 {[%clk
01:16:19]} {[%emt 00:00:10]} Nf6 {[%clk 01:16:01]} {[%emt 00:00:08]} 3. c4
{[%clk 01:16:39]} {[%emt 00:00:10]} c6 {[%clk 01:16:26]} {[%emt 00:00:05]} 4.
e3 {[%clk 01:16:58]} {[%emt 00:00:12]} e6 {[%clk 01:16:38]} {[%emt 00:00:16]}
5. b3 {[%clk 01:17:22]} {[%emt 00:00:07]} Nbd7 {[%clk 01:16:56]} {[%emt
00:00:11]} 6. Bd3 {[%clk 01:17:42]} {[%emt 00:00:11]} Be7 {[%clk 01:16:53]}
{[%emt 00:00:33]} 7. O-O {[%clk 01:18:03]} {[%emt 00:00:09]} O-O {[%clk
01:17:02]} {[%emt 00:00:20]} 8. Nc3 {[%clk 01:18:24]} {[%emt 00:00:10]} b6
{[%clk 01:17:09]} {[%emt 00:00:24]} 9. Bd2 {[%clk 01:18:38]} {[%emt 00:00:16]}
Bb7 {[%clk 01:17:26]} {[%emt 00:00:12]} 10. Qe2 {[%clk 01:18:47]} {[%emt
00:00:21]} dxc4 {[%clk 01:16:41]} {[%emt 00:01:15]} 11. bxc4 {[%clk 01:19:06]}
{[%emt 00:00:11]} c5 {[%clk 01:16:59]} {[%emt 00:00:12]} 12. Rab1 {[%clk
01:18:39]} {[%emt 00:00:57]} Qc7 {[%clk 01:16:40]} {[%emt 00:00:49]} 13. h3
{[%clk 01:17:43]} {[%emt 00:01:26]} Rfd8 {[%clk 01:07:53]} {[%emt 00:09:17]}
14. Rfc1 {[%clk 01:16:35]} {[%emt 00:01:38]} Nb8 {[%clk 00:58:35]} {[%emt
00:09:48]} 15. a3 {[%clk 01:13:07]} {[%emt 00:04:00]} Nc6 {[%clk 00:58:42]}
{[%emt 00:00:21]} 16. Rc2 {[%clk 01:10:36]} {[%emt 00:03:01]} Qd7 {[%clk
00:56:00]} {[%emt 00:03:10]} 17. Ne5 {[%clk 01:05:44]} {[%emt 00:05:25]} Nxe5
{[%clk 00:56:19]} {[%emt 00:00:10]} 18. dxe5 {[%clk 01:06:05]} {[%emt
00:00:09]} Qxd3 {[%clk 00:56:34]} {[%emt 00:00:15]} 0-1

[Event "DEM U10 2024"]
[Site "Willingen GER"]
[Date "2024.05.19"]
[Round "1"]
[White "Aguike, Toshiya"]
[Black "Menke, Xaver Louis"]
[Result "1-0"]
[Termination "normal"]
[Board "8"]
[WhiteElo "1786"]
[BlackElo "1324"]
[WhiteClock "00:59:51"]
[BlackClock "01:01:31"]
[PlyCount "39"]
[WhiteFideId "34611347"]
[BlackFideId "34663134"]
[EventCountry "GER"]
[EventRounds "11"]
[EventType "swiss"]
[EventDate "2024.05.18"]

1. e4 {[%clk 01:15:56]} {[%emt 00:00:03]} e5 {[%clk 01:14:59]} {[%emt
00:01:02]} 2. Nf3 {[%clk 01:16:20]} {[%emt 00:00:05]} Nc6 {[%clk 01:14:30]}
{[%emt 00:01:00]} 3. Bc4 {[%clk 01:16:39]} {[%emt 00:00:10]} Nf6 {[%clk
01:13:57]} {[%emt 00:01:04]} 4. d3 {[%clk 01:16:54]} {[%emt 00:00:15]} Bc5
{[%clk 01:13:26]} {[%emt 00:01:01]} 5. c3 {[%clk 01:17:10]} {[%emt 00:00:15]}
a6 {[%clk 01:13:14]} {[%emt 00:00:42]} 6. Nbd2 {[%clk 01:17:16]} {[%emt
00:00:24]} Ba7 {[%clk 01:12:35]} {[%emt 00:01:07]} 7. O-O {[%clk 01:16:09]}
{[%emt 00:01:38]} h6 {[%clk 01:11:28]} {[%emt 00:01:37]} 8. h3 {[%clk
01:12:20]} {[%emt 00:04:19]} d6 {[%clk 01:10:38]} {[%emt 00:01:20]} 9. Nh4
{[%clk 01:09:12]} {[%emt 00:03:37]} Nxe4 {[%clk 01:09:50]} {[%emt 00:01:20]}
10. Qh5 {[%clk 01:09:34]} {[%emt 00:00:08]} Ng5 {[%clk 01:08:27]} {[%emt
00:01:53]} 11. Ne4 {[%clk 01:05:43]} {[%emt 00:04:21]} g6 {[%clk 01:07:30]}
{[%emt 00:01:26]} 12. Nxg6 {[%clk 01:03:37]} {[%emt 00:02:37]} fxg6 {[%clk
01:06:49]} {[%emt 00:01:10]} 13. Qxg6+ {[%clk 01:04:05]} {[%emt 00:00:03]} Kf8
{[%clk 01:04:54]} {[%emt 00:02:25]} 14. Nxg5 {[%clk 01:04:04]} {[%emt
00:00:29]} Qe7 {[%clk 01:04:59]} {[%emt 00:00:25]} 15. Nf7 {[%emt 00:03:09]}
Rg8 {[%clk 01:02:04]} {[%emt 00:03:19]} 16. Bxh6+ {[%clk 01:01:54]} {[%emt
00:00:07]} Ke8 {[%clk 01:01:30]} {[%emt 00:01:04]} 17. Qxg8+ {[%clk 01:01:39]}
{[%emt 00:00:45]} Kd7 {[%clk 01:01:47]} {[%emt 00:00:12]} 18. Qg4+ {[%clk
01:02:00]} {[%emt 00:00:10]} Ke8 {[%clk 01:01:54]} {[%emt 00:00:24]} 19. Qg6
{[%clk 01:00:42]} {[%emt 00:01:47]} Kd7 {[%clk 01:01:31]} {[%emt 00:00:52]} 20.
Bg5 {[%clk 00:59:51]} {[%emt 00:01:23]} 1-0

[Event "DEM U10 2024"]
[Site "Willingen GER"]
[Date "2024.05.19"]
[Round "1"]
[White "Chychkan, Pavlo"]
[Black "Zargaran, Sepas"]
[Result "0-1"]
[Termination "normal"]
[Board "9"]
[WhiteElo "1323"]
[BlackElo "1810"]
[WhiteClock "00:58:39"]
[BlackClock "00:43:00"]
[PlyCount "64"]
[WhiteFideId "533001758"]
[BlackFideId "34625275"]
[EventCountry "GER"]
[EventRounds "11"]
[EventType "swiss"]
[EventDate "2024.05.18"]

1. e4 {[%clk 01:15:57]} {[%emt 00:00:01]} c5 {[%clk 01:15:50]} {[%emt
00:00:10]} 2. Nf3 {[%clk 01:16:17]} {[%emt 00:00:11]} Nc6 {[%clk 01:16:07]}
{[%emt 00:00:12]} 3. d4 {[%clk 01:16:28]} {[%emt 00:00:19]} cxd4 {[%clk
01:16:29]} {[%emt 00:00:09]} 4. Nxd4 {[%clk 01:16:47]} {[%emt 00:00:11]} g6
{[%clk 01:16:52]} {[%emt 00:00:07]} 5. c4 {[%clk 01:17:09]} {[%emt 00:00:09]}
Bg7 {[%clk 01:17:02]} {[%emt 00:00:19]} 6. Be3 {[%clk 01:17:18]} {[%emt
00:00:20]} d6 {[%clk 01:17:21]} {[%emt 00:00:11]} 7. Be2 {[%clk 01:17:22]}
{[%emt 00:00:26]} Nf6 {[%clk 01:17:36]} {[%emt 00:00:15]} 8. Nc3 {[%clk
01:17:39]} {[%emt 00:00:14]} O-O {[%clk 01:17:52]} {[%emt 00:00:13]} 9. O-O
{[%clk 01:17:28]} {[%emt 00:00:42]} Nxd4 {[%clk 01:17:58]} {[%emt 00:00:24]}
10. Bxd4 {[%clk 01:17:44]} {[%emt 00:00:14]} Bd7 {[%clk 01:18:01]} {[%emt
00:00:27]} 11. f4 {[%clk 01:17:04]} {[%emt 00:01:10]} Bc6 {[%clk 01:04:49]}
{[%emt 00:13:43]} 12. Qd3 {[%clk 01:17:10]} {[%emt 00:00:23]} Nd7 {[%clk
01:01:57]} {[%emt 00:03:17]} 13. Bxg7 {[%clk 01:13:53]} {[%emt 00:03:51]} Kxg7
{[%clk 01:02:20]} {[%emt 00:00:08]} 14. Qg3 {[%clk 01:13:28]} {[%emt 00:00:54]}
Qb6+ {[%clk 00:59:30]} {[%emt 00:03:16]} 15. Rf2 {[%clk 01:12:44]} {[%emt
00:01:14]} Qxb2 {[%clk 00:54:26]} {[%emt 00:05:37]} 16. Raf1 {[%clk 01:12:56]}
{[%emt 00:00:20]} Qb6 {[%clk 00:52:07]} {[%emt 00:02:47]} 17. Nd5 {[%clk
01:11:58]} {[%emt 00:01:26]} Bxd5 {[%clk 00:51:16]} {[%emt 00:01:26]} 18. cxd5
{[%clk 01:11:59]} {[%emt 00:00:28]} Qd4 {[%clk 00:50:01]} {[%emt 00:01:36]} 19.
Bg4 {[%clk 01:11:24]} {[%emt 00:01:10]} Nf6 {[%emt 00:02:36]} 20. e5 {[%clk
01:09:32]} {[%emt 00:00:09]} Ne4 {[%clk 00:49:13]} {[%emt 00:01:24]} 21. Qh4
{[%clk 01:04:21]} {[%emt 00:05:45]} Nxf2 {[%clk 00:48:46]} {[%emt 00:00:57]}
22. Rxf2 {[%clk 01:04:32]} {[%emt 00:00:19]} dxe5 {[%clk 00:47:41]} {[%emt
00:01:36]} 23. h3 {[%clk 01:03:19]} {[%emt 00:01:42]} exf4 {[%clk 00:46:06]}
{[%emt 00:02:06]} 24. Kh2 {[%clk 01:02:44]} {[%emt 00:01:03]} Qxd5 {[%clk
00:45:28]} {[%emt 00:01:09]} 25. Rxf4 {[%clk 01:02:10]} {[%emt 00:01:05]} g5
{[%clk 00:43:39]} {[%emt 00:02:19]} 26. Qh5 {[%clk 01:02:23]} {[%emt 00:00:17]}
Qe5 {[%clk 00:43:30]} {[%emt 00:00:30]} 27. g3 {[%clk 01:02:00]} {[%emt
00:01:02]} Qb2+ {[%clk 00:43:50]} {[%emt 00:00:07]} 28. Kg1 {[%clk 01:02:08]}
{[%emt 00:00:19]} gxf4 {[%clk 00:44:07]} {[%emt 00:00:18]} 29. Qg5+ {[%clk
01:02:02]} {[%emt 00:00:36]} Kh8 {[%clk 00:44:28]} {[%emt 00:00:10]} 30. Bf5
{[%clk 01:02:13]} {[%emt 00:00:19]} f3 {[%clk 00:43:19]} {[%emt 00:01:36]} 31.
Kf1 {[%clk 00:58:39]} {[%emt 00:04:06]} Qg2+ {[%clk 00:43:00]} {[%emt
00:00:49]} 32. Ke1 {[%emt 00:00:08]} Qe2# {[%emt 00:00:07]} 0-1

[Event "DEM U10 2024"]
[Site "Willingen GER"]
[Date "2024.05.19"]
[Round "1"]
[White "Meitzner, Jonathan Franz"]
[Black "Bentele, Otto"]
[Result "0-1"]
[Termination "normal"]
[Board "10"]
[WhiteElo "1730"]
[BlackElo "1538"]
[WhiteClock "00:32:36"]
[BlackClock "00:27:28"]
[PlyCount "40"]
[WhiteFideId "34616110"]
[BlackFideId "34653643"]
[EventCountry "GER"]
[EventRounds "11"]
[EventType "swiss"]
[EventDate "2024.05.18"]

1. e4 {[%clk 01:15:56]} {[%emt 00:00:04]} e5 {[%clk 01:15:53]} {[%emt
00:00:08]} 2. Nf3 {[%clk 01:16:19]} {[%emt 00:00:07]} Nc6 {[%clk 01:16:12]}
{[%emt 00:00:11]} 3. Bc4 {[%clk 01:16:39]} {[%emt 00:00:11]} Bc5 {[%clk
01:16:27]} {[%emt 00:00:14]} 4. c3 {[%clk 01:17:00]} {[%emt 00:00:09]} Nf6
{[%clk 01:16:35]} {[%emt 00:00:21]} 5. d4 {[%clk 01:17:18]} {[%emt 00:00:13]}
exd4 {[%clk 01:16:49]} {[%emt 00:00:16]} 6. e5 {[%clk 01:16:41]} {[%emt
00:01:07]} Ne4 {[%clk 01:04:43]} {[%emt 00:12:35]} 7. Bd5 {[%clk 01:15:21]}
{[%emt 00:01:51]} Nxf2 {[%clk 00:59:11]} {[%emt 00:06:02]} 8. Kxf2 {[%clk
01:15:27]} {[%emt 00:00:24]} dxc3+ {[%clk 00:57:50]} {[%emt 00:01:51]} 9. Kg3
{[%clk 01:14:30]} {[%emt 00:01:27]} cxb2 {[%clk 00:56:27]} {[%emt 00:01:53]}
10. Bxb2 {[%clk 01:14:16]} {[%emt 00:00:43]} O-O {[%clk 00:55:44]} {[%emt
00:01:13]} 11. Qc2 {[%clk 01:07:59]} {[%emt 00:06:48]} Be3 {[%clk 00:52:41]}
{[%emt 00:03:33]} 12. Qe4 {[%clk 00:50:25]} {[%emt 00:18:03]} Bc5 {[%clk
00:50:26]} {[%emt 00:02:45]} 13. Nbd2 {[%emt 00:02:56]} Rb8 {[%clk 00:39:29]}
{[%emt 00:10:25]} 14. Qg4 {[%clk 00:45:48]} {[%emt 00:03:44]} Kh8 {[%clk
00:29:12]} {[%emt 00:10:46]} 15. Ng5 {[%clk 00:43:12]} {[%emt 00:02:58]} d6
{[%clk 00:28:26]} {[%emt 00:01:24]} 16. Qh5 {[%clk 00:35:23]} {[%emt 00:08:11]}
h6 {[%clk 00:27:36]} {[%emt 00:01:28]} 17. Nxf7+ {[%clk 00:34:15]} {[%emt
00:01:39]} Rxf7 {[%clk 00:27:44]} {[%emt 00:00:21]} 18. Bxf7 {[%clk 00:34:21]}
{[%emt 00:00:24]} dxe5 {[%clk 00:27:34]} {[%emt 00:00:41]} 19. Nf3 {[%clk
00:34:38]} {[%emt 00:00:13]} Qf6 {[%clk 00:27:28]} {[%emt 00:00:35]} 20. Rhf1
{[%clk 00:32:36]} {[%emt 00:02:31]} Qf4# {[%emt 00:00:28]} 0-1

[Event "DEM U10 2024"]
[Site "Willingen GER"]
[Date "2024.05.19"]
[Round "1"]
[White "Dutta, Nikhil"]
[Black "Shivkumar, Shreyas"]
[Result "0-1"]
[Termination "normal"]
[Board "11"]
[WhiteElo "1283"]
[BlackElo "1728"]
[WhiteClock "00:33:27"]
[BlackClock "01:02:33"]
[PlyCount "62"]
[WhiteFideId "34665501"]
[BlackFideId "34638407"]
[EventCountry "GER"]
[EventRounds "11"]
[EventType "swiss"]
[EventDate "2024.05.18"]

1. e4 {[%clk 01:15:59]} c5 {[%clk 01:15:57]} {[%emt 00:00:04]} 2. Nf3 {[%clk
01:16:22]} {[%emt 00:00:07]} Nc6 {[%clk 01:16:09]} {[%emt 00:00:18]} 3. d4
{[%clk 01:16:46]} {[%emt 00:00:06]} cxd4 {[%clk 01:16:34]} {[%emt 00:00:05]} 4.
Nxd4 {[%clk 01:17:09]} {[%emt 00:00:06]} g6 {[%clk 01:16:59]} {[%emt 00:00:05]}
5. Nc3 {[%clk 01:17:25]} {[%emt 00:00:15]} Bg7 {[%clk 01:17:15]} {[%emt
00:00:14]} 6. Be3 {[%clk 01:17:46]} {[%emt 00:00:09]} Nf6 {[%clk 01:17:40]}
{[%emt 00:00:05]} 7. f3 {[%clk 01:18:06]} {[%emt 00:00:09]} Qb6 {[%clk
01:17:20]} {[%emt 00:00:50]} 8. Nxc6 {[%clk 01:17:19]} {[%emt 00:01:17]} Qxc6
{[%clk 01:17:36]} {[%emt 00:00:15]} 9. Qd2 {[%clk 01:17:12]} {[%emt 00:00:36]}
O-O {[%clk 01:17:53]} {[%emt 00:00:14]} 10. O-O-O {[%clk 01:16:34]} {[%emt
00:01:07]} a6 {[%clk 01:17:23]} {[%emt 00:01:01]} 11. Bh6 {[%clk 01:15:46]}
{[%emt 00:01:17]} b5 {[%clk 01:15:45]} {[%emt 00:02:08]} 12. a3 {[%clk
01:14:43]} {[%emt 00:01:34]} Rb8 {[%clk 01:12:10]} {[%emt 00:04:05]} 13. Na2
{[%clk 01:10:14]} {[%emt 00:04:59]} Qe6 {[%clk 01:09:20]} {[%emt 00:03:20]} 14.
b3 {[%clk 01:03:51]} {[%emt 00:06:52]} Qe5 {[%clk 01:08:03]} {[%emt 00:01:47]}
15. c3 {[%clk 00:57:18]} {[%emt 00:07:04]} Bxh6 {[%clk 01:04:08]} {[%emt
00:04:24]} 16. Qxh6 {[%clk 00:56:11]} {[%emt 00:01:35]} d5 {[%clk 01:03:28]}
{[%emt 00:01:13]} 17. exd5 {[%clk 00:54:58]} {[%emt 00:01:43]} Nxd5 {[%clk
01:03:01]} {[%emt 00:00:57]} 18. Qd2 {[%clk 00:54:04]} {[%emt 00:01:09]} Be6
{[%clk 01:02:41]} {[%emt 00:01:04]} 19. Qe1 {[%clk 00:46:50]} {[%emt 00:07:44]}
Qg7 {[%clk 01:01:47]} {[%emt 00:01:23]} 20. Kb2 {[%clk 00:45:01]} {[%emt
00:02:20]} b4 {[%clk 01:02:00]} {[%emt 00:00:18]} 21. axb4 {[%clk 00:44:06]}
{[%emt 00:01:25]} Nxb4 {[%clk 01:02:15]} {[%emt 00:00:14]} 22. Nc1 {[%clk
00:40:11]} {[%emt 00:04:25]} a5 {[%clk 01:01:45]} {[%emt 00:00:59]} 23. Bd3
{[%clk 00:33:48]} {[%emt 00:06:54]} a4 {[%clk 01:01:54]} {[%emt 00:00:22]} 24.
Bc2 {[%clk 00:33:52]} {[%emt 00:00:26]} a3+ {[%clk 01:01:31]} {[%emt 00:00:53]}
25. Kb1 {[%clk 00:32:59]} {[%emt 00:01:23]} a2+ {[%clk 01:01:55]} {[%emt
00:00:05]} 26. Nxa2 {[%clk 00:33:22]} {[%emt 00:00:07]} Nxc2 {[%clk 01:02:23]}
{[%emt 00:00:03]} 27. Kxc2 {[%clk 00:32:56]} {[%emt 00:00:55]} Bxb3+ {[%clk
01:02:45]} {[%emt 00:00:09]} 28. Kc1 {[%clk 00:32:54]} {[%emt 00:00:32]} Bxa2
{[%clk 01:01:49]} {[%emt 00:01:25]} 29. Kd2 {[%clk 00:33:00]} {[%emt 00:00:22]}
Rb2+ {[%clk 01:01:56]} {[%emt 00:00:26]} 30. Ke3 {[%clk 00:33:16]} {[%emt
00:00:12]} Qe5+ {[%clk 01:02:07]} {[%emt 00:00:21]} 31. Kd3 {[%clk 00:33:27]}
{[%emt 00:00:18]} Rd8# {[%clk 01:02:33]} {[%emt 00:00:04]} 0-1

[Event "DEM U10 2024"]
[Site "Willingen GER"]
[Date "2024.05.19"]
[Round "1"]
[White "Stoyanov, Victor"]
[Black "Katzenstein, Alexander"]
[Result "1-0"]
[Termination "normal"]
[Board "12"]
[WhiteElo "1658"]
[BlackElo "1275"]
[WhiteClock "01:00:22"]
[BlackClock "00:52:01"]
[PlyCount "55"]
[WhiteFideId "5401240"]
[BlackFideId "34696822"]
[EventCountry "GER"]
[EventRounds "11"]
[EventType "swiss"]
[EventDate "2024.05.18"]

1. e4 {[%clk 01:16:00]} {[%emt 00:10:44]} c6 {[%clk 01:15:54]} {[%emt
00:00:07]} 2. d4 {[%clk 01:16:26]} {[%emt 00:00:03]} d5 {[%clk 01:16:18]}
{[%emt 00:00:06]} 3. exd5 {[%clk 01:16:52]} {[%emt 00:00:04]} cxd5 {[%clk
01:16:41]} {[%emt 00:00:07]} 4. c4 {[%clk 01:17:17]} {[%emt 00:00:05]} Nf6
{[%clk 01:16:57]} {[%emt 00:00:13]} 5. Nc3 {[%clk 01:17:36]} {[%emt 00:00:12]}
e6 {[%clk 01:17:09]} {[%emt 00:00:18]} 6. Nf3 {[%clk 01:17:51]} {[%emt
00:00:15]} Bb4 {[%clk 01:17:29]} {[%emt 00:00:10]} 7. Bd2 {[%clk 01:17:59]}
{[%emt 00:00:21]} Nc6 {[%clk 01:16:31]} {[%emt 00:01:27]} 8. a3 {[%clk
01:17:51]} {[%emt 00:00:39]} Bxc3 {[%clk 01:16:31]} {[%emt 00:00:30]} 9. Bxc3
{[%clk 01:18:10]} {[%emt 00:00:11]} Bd7 {[%clk 01:16:18]} {[%emt 00:00:44]} 10.
c5 {[%emt 00:01:10]} O-O {[%clk 01:15:09]} {[%emt 00:01:36]} 11. Bd3 {[%clk
01:17:00]} {[%emt 00:01:02]} h6 {[%clk 01:14:29]} {[%emt 00:01:11]} 12. b4
{[%clk 01:16:23]} {[%emt 00:01:07]} a6 {[%clk 01:12:26]} {[%emt 00:02:33]} 13.
O-O {[%clk 01:15:32]} {[%emt 00:01:20]} Na7 {[%clk 01:10:19]} {[%emt 00:02:37]}
14. a4 {[%clk 01:14:48]} {[%emt 00:01:14]} b5 {[%clk 01:09:20]} {[%emt
00:01:29]} 15. a5 {[%clk 01:14:19]} {[%emt 00:00:59]} Nc6 {[%clk 01:08:45]}
{[%emt 00:01:05]} 16. Re1 {[%clk 01:12:34]} {[%emt 00:02:15]} Re8 {[%clk
01:07:50]} {[%emt 00:01:24]} 17. Qc2 {[%clk 01:11:07]} {[%emt 00:01:57]} Qc7
{[%clk 01:07:12]} {[%emt 00:01:08]} 18. Re2 {[%clk 01:09:27]} {[%emt 00:02:11]}
Re7 {[%clk 01:06:07]} {[%emt 00:01:36]} 19. Rae1 {[%clk 01:09:12]} {[%emt
00:00:44]} Rae8 {[%clk 01:06:00]} {[%emt 00:00:38]} 20. h3 {[%clk 01:08:23]}
{[%emt 00:01:18]} Kh8 {[%clk 01:01:59]} {[%emt 00:04:31]} 21. Ne5 {[%clk
01:05:07]} {[%emt 00:03:47]} Bc8 {[%clk 00:55:25]} {[%emt 00:07:04]} 22. Nxc6
{[%clk 01:04:39]} {[%emt 00:00:55]} Qxc6 {[%clk 00:55:35]} {[%emt 00:00:22]}
23. Bd2 {[%clk 01:03:59]} {[%emt 00:01:10]} Qc7 {[%clk 00:54:14]} {[%emt
00:01:52]} 24. Qc1 {[%clk 01:03:33]} {[%emt 00:00:56]} Ng8 {[%clk 00:54:06]}
{[%emt 00:00:37]} 25. Bf4 {[%emt 00:01:25]} Qd7 {[%clk 00:52:59]} {[%emt
00:01:35]} 26. Bd6 {[%clk 01:02:43]} {[%emt 00:00:28]} Nf6 {[%clk 00:51:38]}
{[%emt 00:01:51]} 27. Bxe7 {[%clk 01:02:45]} {[%emt 00:00:28]} Rxe7 {[%clk
00:52:01]} {[%emt 00:00:06]} 28. Qf4 {[%clk 01:00:22]} {[%emt 00:02:53]} 1-0